| 000 | 00813nam a2200241 a 4500 | ||
|---|---|---|---|
| 001 | BRCA_5164 | ||
| 005 | 20190320204951.0 | ||
| 008 | 840402s1906 fr-ac###a#---#000-0#spa-# | ||
| 041 | _aspa | ||
| 044 | _afr | ||
| 050 | 4 |
_aF1231 _b.G66 1906 |
|
| 100 | 1 |
_aGonzález Obregón, Luis _d1865-1938 _97954 |
|
| 245 | 1 | 0 |
_aLos precursores de la independencia mexicana en el siglo XVI _cLuis González Obregón. |
| 260 |
_aParís _bLibrería e Imprenta de la Vda. de C. Bauret _c1906 |
||
| 300 |
_a388 p. _bil., retratos _c20 cm. |
||
| 500 | _aIncluye apéndice | ||
| 500 | _aLa biblioteca cuenta con la edición 2008. Ver N.S. 3287 | ||
| 500 | _aDD63 | ||
| 651 | 4 |
_aMéxico _xHistoria _yConquista, 1519-1540 _9442 |
|
| 651 | 4 |
_aMéxico _xHistoria _yColonia española, 1540-1810 _9394 |
|
| 902 | _aGFM | ||
| 942 |
_2lcc _cB |
||
| 999 |
_c4858 _d4858 |
||